| 000 | 00736nam a22002057a 4500 | ||
|---|---|---|---|
| 001 | BRCA_9236 | ||
| 003 | FranzMayer | ||
| 005 | 20220928154424.0 | ||
| 008 | 220928b |||||||| |||| 00| 0 eng d | ||
| 040 |
_bspa _cMFM |
||
| 041 |
_aspa _aeng |
||
| 050 |
_aNC17.M4 _bM96 2017 |
||
| 245 | 3 | _aEl Mundo de Tim Burton | |
| 260 |
_aCiudad de México : _bMuseo Franz Mayer, _c2017 |
||
| 300 |
_a84 pp. : _bil. fot. ; _c21.5 x 21.5 cm. |
||
| 500 | _aCatálogo de la exposición "El Mundo de Tim Burton" realizada en el Museo Franz Mayer en la Ciudad de México (6 de diciembre 2017 - 8 de abril 2018). | ||
| 600 |
_aBurton, Tim, _d1958- _vExposiciones _928574 |
||
| 650 |
_aDibujos _912962 _xFotografías _vExposiciones |
||
| 942 |
_2lcc _cB |
||
| 999 |
_c10855 _d10855 |
||